000 00677nam a22002297a 4500
003 UA-OsUOA
001 44064
007 ta
008 20100115b un ||||| |||| 00| 0 ukr d
100 _aСадовський Микола
090 _a82-92(Публ.)
_bС14
942 _cBR
040 _aUA-OsUOA
_bukr
_cUA-OsUOA
_dUA-OsUOA
245 _aЗмова проти світу
_bПолітичний нарис
300 _a31 с.
955 _a4
041 _aukr
080 _a82-92(Публ.)
260 _aНорт Батлфорд
_bНакладом автора
_c1968
650 7 _a82 Література. Літературознавство
_2UDC
999 _c423955
_d423955